000 01170naa a22003017a 4500
001 BR8001945
003 BR-BrBNA
005 20240918174541.0
007 ta
008 230509b bl.||||| |||| 00| 0 por d
040 _aBR-BrBNA
_bpor
_cBiblioteca Nacional de Agricultura
041 _a(Pt)
072 _aH10
_b1060
_b4050
_bG514
090 _aH10 BR8001945
100 1 _aMoraes, M.V.
245 1 _aNematoides e a citricultura [Laranja; Citrus sinensis; Sao Paulo; Brasil]
246 1 _a[Nematodes and citriculture [Orange; Citrus sinensis; Sao Paulo; Brazil]]
246 1 _a[Brazilian citriculture]
260 3 _aCampinas, SP (Brasil):
_c1980.
500 _aRodriguez, O.; Viegas, F. (eds.) Citricultura brasileira Campinas, SP (Brasil): 1980. v. 2 p. 503-514 (BR8001945-AM)H10
650 _aPraga de planta
650 _aFruta citrica
650 _aNematoide
650 _aSao Paulo
773 0 _tCitricultura brasileira
_aRodriguez, O.; Viegas, F.; Pompeu Junior, J.; Amaro, A.A. - Fundacao Cargill, Campinas, SP (Brasil)
_b2. ed.
_w1000 BR9207802
_gCampinas, SP (Brasil), 1991.
_q2 v.
909 _a202404
_bLucia
_c55
_dLucia Elande
942 _cAM
_2AGRIS
999 _c311943
_d311943